Cartas de Santa Teresa de Jesús, madre y fundadora de la Reforma de la Orden de nuestra Señora del Carmen, de la Primitiva Observancia (Record no. 8094)

MARC details
000 -CABECERA
campo de control de longitud fija 01604nam a2200313 a 4500
001 - NÚMERO DE CONTROL
campo de control BRCA_8427
003 - IDENTIFICADOR DEL NÚMERO DE CONTROL
campo de control FranzMayer
005 - FECHA Y HORA DE LA ÚLTIMA TRANSACCIÓN
campo de control 20230726111354.0
008 - DATOS DE LONGITUD FIJA--INFORMACIÓN GENERAL
campo de control de longitud fija 250815s1724----sp-#######---#000-0#spa-#
040 ## - FUENTE DE LA CATALOGACIÓN
Centro catalogador/agencia de origen MFM
Lengua de catalogación esp
Centro/agencia transcriptor MFM
041 ## - CÓDIGO DE LENGUA
Código de lengua del texto/banda sonora o título independiente spa
044 ## - CÓDIGO DEL PAÍS DE LA ENTIDAD EDITORA/PRODUCTORA
Código MARC del país sp
050 #4 - SIGNATURA TOPOGRÁFICA DE LA BIBLIOTECA DEL CONGRESO
Número de clasificación DCON5
Número de documento/Ítem C37 1724
082 ## - NÚMERO DE LA CLASIFICACIÓN DECIMAL DEWEY
Número de edición BX4700.T4
245 10 - MENCIÓN DE TÍTULO
Título Cartas de Santa Teresa de Jesús, madre y fundadora de la Reforma de la Orden de nuestra Señora del Carmen, de la Primitiva Observancia
Mención de responsabilidad, etc. con notas de Juan de Palafox y Mendoza.
260 ## - PUBLICACIÓN, DISTRIBUCIÓN, ETC.
Lugar de publicación, distribución, etc. Barcelona
Nombre del editor, distribuidor, etc. Imprenta de los Padres Carmelitas Descalzos
Fecha de publicación, distribución, etc. [1724]
300 ## - DESCRIPCIÓN FÍSICA
Extensión 568 p. (t.1)
Dimensiones 21 cm.
500 ## - NOTA GENERAL
Nota general Incluye índice de las cosas notables
500 ## - NOTA GENERAL
Nota general Estado físico : encuadernación en pergamino, cantos decorados
500 ## - NOTA GENERAL
Nota general Donación de la Familia López Silanes
500 ## - NOTA GENERAL
Nota general En portada : Cartas de Santa Teresa de Iesvs, madre y fundadora de la Reforma de la Orden de nuestra Señora del Carmen, de la Primitiva Observancia : con notas del excelentissimo, y reverendissimo Señor Don Juan de Palafox y Mendoza, Obispo de Osma, del Consejo de su Majestad ; recogidas por orden del reverendissimo Padre Fray Diego de la Presentacion, General que fue de los Carmelitas Descalzos de la Primitiva Observancia
500 ## - NOTA GENERAL
Nota general Tomo primero. Dedicadas al serenissimo señor. El señor Don Ivan de Austria
500 ## - NOTA GENERAL
Nota general Número de control : 00001
600 14 - PUNTO DE ACCESO ADICIONAL DE MATERIA--NOMBRE DE PERSONA
Nombre de persona Teresa, de Jesús, Santo
Títulos y otros términos asociados al nombre Teresa de Ávila
Fechas asociadas al nombre 1515-1582
Subdivisión general Cartas
9 (RLIN) 21108
650 14 - PUNTO DE ACCESO ADICIONAL DE MATERIA--TÉRMINO DE MATERIA
Término de materia o nombre geográfico como elemento de entrada Santos
Subdivisión geográfica España
9 (RLIN) 21109
700 1# - PUNTO DE ACCESO ADICIONAL--NOMBRE DE PERSONA
Nombre de persona Palafox y Mendoza, Juan de
9 (RLIN) 6322
902 ## - CATALOGADOR
Iniciales DCON
942 ## - ELEMENTOS DE PUNTO DE ACCESO ADICIONAL (KOHA)
Fuente del sistema de clasificación o colocación Library of Congress Classification
Tipo de ítem Koha Libros
Holdings
Estado de retiro Estado de pérdida Fuente del sistema de clasificación o colocación Estado dañado No para préstamo Código de colección Localización permanente Ubicación/localización actual Fecha de adquisición Fuente de adquisición Total de préstamos Signatura topográfica completa Código de barras Fecha visto por última vez Precio válido a partir de Tipo de ítem Koha
El ejemplar forma parte de la colección y puede ser consultado según las políticas vigentes.   Library of Congress Classification     Conventual Franz Mayer Biblioteca del Museo Franz Mayer (Rogerio Casas-Alatriste) Biblioteca del Museo Franz Mayer (Rogerio Casas-Alatriste) 25/08/2015 Donación   DCON5 C37 1724 DCON00005 22/03/2019 22/03/2019 Libros